00265nam a2200109Ia 4500008004100000082001800041100001900059245003000078260002300108300000800131650001600139191201s2008 xx 000 0 und d a621.3192bMID aMITRA, Sanjitk 0aDigital Signal Processing aN.DelhibTMHc2008 a916 aB.Tech(ECE)